Hatvanöt év - hatvanöt vers Gál Sándor köszöntése

Bibliographic Details
Format: Article
Language:Hungarian
PhysicalDescription:Obr.
Subjects:

MARC

LEADER 00000nab a2200000 a 4500
001 vtls008852822
003 SK-MaSNL
005 20260318124659.0
008 061006 2003 xo | |000 0|hun
015 |a SNBRB2006/10 
038 |a KEVKJB 
040 |a KEVKJB  |b slo  |c KEVKJB  |e AACR2 
041 0 |a hun 
044 |a xo  |c SK 
080 |a 821.511.141(437.6)  |2 2001 
080 |a 929 Gál, Sándor  |2 2001 
245 0 0 |a Hatvanöt év - hatvanöt vers  |b Gál Sándor köszöntése 
300 |b Obr. 
600 1 7 |a Gál, Sándor,  |d 1937-2021  |2 kevkjb  |9 242772 
773 0 |t Kassai Figyelő  |g Évf. I, sz. 1 (2003), o. 14 
852 |a KEVKJB  |b KIS3GCP 
958 |a HU 
958 |a BX 
958 |a LX 
999 |c 2237305  |d 2239235